| Tag |
First Indicator |
Second Indicator |
Subfields |
| LEADER |
00000cam a2200000 a 4500 |
| 001 |
in00000010869 |
| 005 |
20151007051932.0 |
| 008 |
870624s1987 maua j 00011 eng |
| 010 |
|
|
|a 87016937
|
| 020 |
|
|
|a 0395444705
|
| 035 |
|
|
|a (OCoLC)16227919
|
| 035 |
|
|
|9 AAA5531AM
|
| 040 |
|
|
|a DLC
|c DLC
|d TXA
|d UtOrBLW
|
| 049 |
|
|
|a [Curr Col] TXAM
|c [A11034865]
|
| 050 |
0 |
0 |
|a PZ7.D388
|b Aq 1987
|
| 082 |
0 |
|
|a [Fic]
|2 19
|
| 100 |
1 |
|
|a Delton, Judy.
|
| 245 |
1 |
0 |
|a Angel's mother's wedding /
|c Judy Delton ; illustrated by Margot Apple.
|
| 264 |
|
1 |
|a Boston :
|b Houghton Mifflin,
|c 1987.
|
| 300 |
|
|
|a 166 pages :
|b illustrations ;
|c 22 cm.
|
| 336 |
|
|
|a text
|b txt
|2 rdacontent
|
| 337 |
|
|
|a unmediated
|b n
|2 rdamedia
|
| 338 |
|
|
|a volume
|b nc
|2 rdacarrier
|
| 520 |
|
|
|a Angel is worried because her mother does not seem to be making any preparations for her upcoming wedding.
|
| 650 |
|
1 |
|a Weddings
|x Fiction.
|
| 650 |
|
1 |
|a Worry
|x Fiction.
|
| 650 |
|
1 |
|a Family life
|x Fiction.
|
| 700 |
1 |
|
|a Apple, Margot.
|
| 999 |
|
|
|a MARS
|
| 999 |
f |
f |
|s 78f1909b-2a58-30ef-8811-0b616ad1bf17
|i 3c4a42d4-d3cc-33df-99f3-e51cff57e299
|t 0
|
| 952 |
f |
f |
|p normal
|a Texas A&M University
|b College Station
|c Sterling C. Evans Library
|d Evans: Curriculum Collection (4th floor)
|t 0
|e PZ7.D388 Aq 1987
|h Library of Congress classification
|i unmediated -- volume
|m A14811034865
|
| 998 |
f |
f |
|a PZ7.D388 Aq 1987
|t 0
|l Evans: Curriculum Collection (4th floor)
|